FAO forestry paper N.123 Forest education: new trends and prospects

Gardado en:
Detalles Bibliográficos
Autor Principal: FAO
Formato: Libro
Idioma:Undetermined
Publicado: Rome FAO 1994
Những chủ đề:
Các nhãn: Engadir etiqueta
Sen Etiquetas, Sexa o primeiro en etiquetar este rexistro!
Thư viện lưu trữ: Trung tâm Học liệu Trường Đại học Cần Thơ
LEADER 00520nam a2200193Ia 4500
001 CTU_3971
008 210402s9999 xx 000 0 und d
082 |a 634 
082 |b F716/N.123 
100 |a FAO 
245 0 |a FAO forestry paper N.123 
245 0 |b Forest education: new trends and prospects 
245 0 |c FAO 
260 |a Rome 
260 |b FAO 
260 |c 1994 
650 |a forests and forestry 
904 |i Nguyễm Quang Điền, 960530 
980 |a Trung tâm Học liệu Trường Đại học Cần Thơ